00222nam a2200097Ia 4500008004100000041000800041100001200049245003400061650001000095999001900105230605s9999 xx 000 0 und d aeng aClevely aCooking with herbs and spices aF. P. c416842d416842